चंद्रकोरीच्या छायेत / (Record no. 54316)

MARC details
000 -LEADER
fixed length control field 00991nam a22002417a 4500
005 - DATE AND TIME OF LATEST TRANSACTION
control field 20110725120732.0
008 - FIXED-LENGTH DATA ELEMENTS--GENERAL INFORMATION
fixed length control field 110725t xxu||||| |||| 00| 0 mar d
010 ## - LCCN (DPL NO)
LC control number MAR-21127
020 ## - INTERNATIONAL STANDARD BOOK NUMBER
Terms of availability 150.00
035 ## - SYSTEM CONTROL NUMBER
System control number MR-13785
037 ## - SOURCE OF ACQUISITION
Source of stock number/acquisition DBAD/PUB
040 ## - CATALOGING SOURCE
Original cataloging agency DPL
Language of cataloging MR
082 ## - DEWEY DECIMAL CLASSIFICATION NUMBER
Classification number 297
100 ## - MAIN ENTRY--PERSONAL NAME
9 (RLIN) 30018
Personal name अब्दुल कादर मुकादम
245 ## - TITLE STATEMENT
Title चंद्रकोरीच्या छायेत /
Statement of responsibility, etc अब्दुल कादर मुकादम
246 ## - VARYING FORM OF TITLE
Title proper/short title Chanderkorochya Chhayet
Remainder of title by Abdul kadar Mukadam
260 ## - PUBLICATION, DISTRIBUTION, ETC. (IMPRINT)
Place of publication, distribution, etc पुणे
Name of publisher, distributor, etc सुगावा प्रकाशन
Date of publication, distribution, etc 2010
270 ## - ADDRESS
Address 562,सदाशिव पेठ
City पुणे
Postal code -30
300 ## - PHYSICAL DESCRIPTION
Extent 188पृ
Dimensions 22सेमी(अजिल्द)
700 ## - ADDED ENTRY--PERSONAL NAME
9 (RLIN) 30014
942 ## - ADDED ENTRY ELEMENTS (KOHA)
Source of classification or shelving scheme Dewey Decimal Classification
Item type Marathi Books
Call number suffix अब्दुल
Classification part 297
Holdings
Withdrawn status Lost status Source of classification or shelving scheme Damaged status Not for loan Collection code Home library Current library Date acquired Source of acquisition Cost, normal purchase price Total Checkouts Full call number Barcode Date last seen Copy number Cost, replacement price Koha item type
    Dewey Decimal Classification   Not For Loan Non-fiction D.B.Act.Division D.B.Act.Division 25/07/2011 DBAD / PUB 150.00   297 अब्दुल MR-13785 25/07/2011 1 150.00 Marathi Books

© Delhi Public Library
Hit Counter
free hit counter